Historia de Estados Unidos (Registro nro. 16031)

Detalles MARC
000 -CABECERA
Longitud fija campo de control 00870nam a2200265 4500
001 - NÚMERO DE CONTROL
Número de control bimo0000193865
003 - IDENTIFICADOR DELl NÚMERO DE CONTROL
Identificador del número de control OSt
005 - FECHA Y HORA DE LA ÚLTIMA TRANSACCIÓN
Fecha y hora de la última transacción 20141203153222.0
008 - CÓDIGOS DE INFORMACIÓN DE LONGITUD FIJA
Códigos de información de longitud fija 871005s1986 sp 000 spa
020 ## - NÚMERO INTERNACIONAL NORMALIZADO PARA LIBROS
Número Internacional Normalizado para Libros (ISBN) 84-344-1060-5 (obra completa)
040 ## - FUENTE DE LA CATALOGACIÓN
Centro transcriptor BMC
082 ## - NÚMERO DE LA CLASIFICACIÓN DECIMAL DEWEY
Númeroo de clasificación 973
100 1# - PUNTO DE ACCESO PRINCIPAL-NOMBRE DE PERSONA
Nombre de persona Degler, Carl N.
9 (RLIN) 28718
245 10 - MENCIÓN DE TÍTULO
Título Historia de Estados Unidos
Mención de responsabilidad, etc. Carl N. Degler ; [traducción, Josefina Guerrero Monforte ; Ignacio Hierro]
250 ## - MENCIÓN DE EDICIÓN
Mención de edición 1ª ed
260 ## - PUBLICACIÓN, DISTRIBUCIÓN, ETC. (PIE DE IMPRENTA)
Lugar de publicación, distribución, etc. Barcelona
Nombre del editor, distribuidor, etc. Ariel
Fecha de publicación, distribución, etc. 1986
300 ## - DESCRIPCIÓN FÍSICA
Extensión 2 v.
Dimensiones 21 cm
490 0# - MENCIÓN DE SERIE
Mención de serie Ariel
Designación de volumen o secuencia 61, 62
505 ## - NOTA DE CONTENIDO CON FORMATO
Nota de contenido con formato Contiene: v. 1.: La formación de una potencia (1600-1860).- v. 2.: El desarrollo de una nación (1860-1985)
595 ## - NOTA DE EDICIÓN E HISTORIA BIBLIOGRÁFICA
Nota de edición e historia bibliográfica Traducción de: Out of our past
651 24 - PUNTO DE ACCESO ADICIONAL DE MATERIA - NOMBRE GEOGRÁFICO
Nombre geográfico Estados Unidos
Subdivisión de materia general Historia
9 (RLIN) 1264
700 1# - PUNTO DE ACCESO ADICIONAL - NOMBRE DE PERSONA
9 (RLIN) 28719
Nombre de persona Guerrero, Josefina
700 1# - PUNTO DE ACCESO ADICIONAL - NOMBRE DE PERSONA
9 (RLIN) 5924
Nombre de persona Hierro, Ignacio
942 ## - ENTRADA DE ELEMENTOS AGREGADOS (KOHA)
Fuente de clasificaión o esquema Dewey Decimal Classification
Koha [por defecto] tipo de item 1- Monografias
Existencias
Suprimido Perdido Fuente de clasificación o esquema Estropeado Restricciones de uso No para préstamo Código de colección Localización permanente Localización actual Localización en estanter&íacute;as Fecha adquisición Fuente de adquisición Número de inventario Préstamos totales Signatura completa Código de barras Fecha última consulta Fecha del precio de reemplazo Tipo de item de Koha
NULL NULL Dewey Decimal Classification NULL Prestable NULL NULL Biblioteca Miguel de Cervantes - UNICAES Biblioteca Miguel de Cervantes - UNICAES Sala Principal 24/11/2014 Donación - USIS 025068   973 DEG his (v. 1) 1025478 24/11/2014 24/11/2014 1- Monografias
NULL NULL Dewey Decimal Classification NULL Prestable NULL NULL Biblioteca Miguel de Cervantes - UNICAES Biblioteca Miguel de Cervantes - UNICAES Sala Principal 24/11/2014 Donación - USIS 025069   973 DEG his (v. 2) 1025479 24/11/2014 24/11/2014 1- Monografias